000 00681aam a2200229 4500
999 _c33342
_d33342
001 2518
003 CO-MdFUSB
005 20171108084529.0
008 170331t1962 xxu||||| |||| 00| 0 eng d
040 _aCO-MdFUSB
_bspa
_cCO-MdFUSB
_dCO-MdFUSBC
_erda
041 0 _aeng
082 0 4 _aG 225.4 F9654n
100 1 _aFuller, Reginald H. (Horace)
_eautor
245 0 4 _aThe New Testamet in current study
_c/ Reginald H. Fuller
264 4 _aNew York, USA:
_bCh. Scribner's Sons,
_c© 1962
300 _a147 Pag
336 _2rdacontent
_atexto
_btxt
337 _2rdamedia
_asin mediación
_bn
338 _2rdacarrier
_avolumen
_bnc
630 0 7 _aBiblia.
_pNuevo Testamento
942 _cBK